000 00337nam a2200133Ia 4500
008 100328s9999 xx 000 0 und d
082 _b60459
100 _aपवार जयंत.
245 _aआांतर.
260 _bपॉप्युलर.
630 _aआांतर.
730 _aआांतर.
942 _cBOOK
999 _c546606
_d546603